000 00641nam a2200217Ia 4500
003 GCL
008 140319s9999 xx 000 0 ara d
040 _aGCL /
_cGCL
082 0 4 _a327.172
_bم ا
100 1 _aمحمد عبدالكريم نافع
245 1 0 _aالأمن القومى /
_cمحمد عبدالكريم نافع
260 _a[S.N] :
_bدار الشعب للطباعة والنشر ،
_c1975
300 _a157 ص
490 _a
650 0 4 _aالعصر الحديث
650 0 4 _aمصر
650 0 4 _aتاريخ
650 0 4 _aالامن القومى
650 0 4 _aالسياسة العسكرية
942 _2ddc
_cBK
999 _c29612
_d29612